Musical cosmoliogy of santal / (Record no. 104783)

MARC details
000 -LEADER
fixed length control field 00608nam a22001937a 4500
005 - DATE AND TIME OF LATEST TRANSACTION
control field 20161128111656.0
010 ## - LCCN (DPL NO)
LC control number ENG-116676
020 ## - INTERNATIONAL STANDARD BOOK NUMBER
International Standard Book Number 9789350502730
Terms of availability 495.00
035 ## - SYSTEM CONTROL NUMBER
System control number EN-100208
037 ## - SOURCE OF ACQUISITION
Source of stock number/acquisition DBAD/PUB
082 ## - DEWEY DECIMAL CLASSIFICATION NUMBER
Classification number 305.800954
100 ## - MAIN ENTRY--PERSONAL NAME
Personal name Onkar Prasad
245 ## - TITLE STATEMENT
Title Musical cosmoliogy of santal /
Statement of responsibility, etc by Onkar Prasad
260 ## - PUBLICATION, DISTRIBUTION, ETC. (IMPRINT)
Place of publication, distribution, etc Delhi
Name of publisher, distributor, etc B.R. Publishing Corporation
Date of publication, distribution, etc 2016
270 ## - ADDRESS
Address 425,Nimri Colony,Ashok Vihar,Phase-V
City Delhi
Postal code 110052
300 ## - PHYSICAL DESCRIPTION
Extent ix,75p. :
Dimensions 23cm(Hb)
Other physical details ill(map)
500 ## - GENERAL NOTE
General note Includes bibliographical references
942 ## - ADDED ENTRY ELEMENTS (KOHA)
Source of classification or shelving scheme Dewey Decimal Classification
Item type English Books
Classification part 305.800954
Call number suffix ONK
Holdings
Withdrawn status Lost status Not for loan Collection code Home library Current library Date acquired Source of acquisition Cost, normal purchase price Full call number Barcode Copy number Cost, replacement price Koha item type
      Non-fiction R.K.Puram-8 R.K.Puram-8 28/11/2016 DBAD/PUB 495.00 305.800954 ONK EN-100208 1 495.00 English Books

© Delhi Public Library
Hit Counter
free hit counter